Sinh học Biology T. 2

Giới thiệu cuốn A. Level Biology, '' Sinh học - Trình độ cao đẳng '' của W.D. Phillips và T.J. Chilton nhà xuất bản trường đại học tổng hợp Oxford làm tài liệu học tập môn sinh học đại cương cho sinh viên ngành sinh học và các ngành l...

Full beskrivning

Sparad:
Bibliografiska uppgifter
Huvudupphovsman: Phillips, W. D
Övriga upphovsmän: Chilton, T. J.
Materialtyp: Bok
Språk:Undetermined
Publicerad: H. Giáo dục Việt Nam 2009
Ämnen:
Länkar:http://lrc.tdmu.edu.vn/opac/search/detail.asp?aID=2&ID=7808
Taggar: Lägg till en tagg
Inga taggar, Lägg till första taggen!
Thư viện lưu trữ: Trung tâm Học liệu Trường Đại học Thủ Dầu Một
LEADER 01309nam a2200241Ia 4500
001 TDMU_7808
008 210410s9999 xx 000 0 und d
082 |a 570 
090 |b PH309 
100 |a Phillips, W. D 
245 0 |a Sinh học 
245 0 |b Biology 
245 0 |c W. D. Phillips, T. J. Chilton; Nguyễn Bá, Nguyễn Mộng Hùng, Hoàng Đức Cự [và nh. ng. khác] (dịch) 
245 0 |n T. 2 
260 |a H. 
260 |b Giáo dục Việt Nam 
260 |c 2009 
300 |a 339 tr. 
520 |a Giới thiệu cuốn A. Level Biology, '' Sinh học - Trình độ cao đẳng '' của W.D. Phillips và T.J. Chilton nhà xuất bản trường đại học tổng hợp Oxford làm tài liệu học tập môn sinh học đại cương cho sinh viên ngành sinh học và các ngành liên quan. Tập một tương ứng với chương trình Sinh học I và Sinh học II; Tập hai tương ứng với chương trình sinh học III.; SH Sinh học đại cương 
650 |a Sinh học đại cương; Sinh học 
700 |a Chilton, T. J. 
856 |u http://lrc.tdmu.edu.vn/opac/search/detail.asp?aID=2&ID=7808 
980 |a Trung tâm Học liệu Trường Đại học Thủ Dầu Một